000 00654nam a2200241Ia 4500
003 OSt
005 20220918202506.0
006 a|||||r|||| 00| 0
007 ta
008 220917b |||||||| |||| 00| 0 eng d
024 _a101,674
037 _cTextual
040 _aARTS
_cARTS
_beng
041 _2eng
_aeng
082 _aV236.L<-F, M5
100 _aBird James tr
_9104039
245 0 _aMedieval Gujrat
_b its political and statistical history
260 _aDelhi
_bBalaji Enterprises
_c1985
300 _ax,427p.
_ccm.
650 _aHISTORY
942 _hV236.L<-F, M5
_cTEXL
_2CC
999 _c225134
_d225134